000 00821nam a2200205Ia 4500
999 _c38549
_d38549
001 4650
003 GE_BSU
005 20190514161308.0
008 181216s2003||||ge |||||||||||||| ||geo||
040 _cGE_BSU
041 _ageo
080 _a621.395(075.8) გ–51
100 _aგიორგაძე, ბ
_91122
245 _aტექეკომუნიკაციების ქსელები. ნაწ . III : ლექციების კონსპექტი /
_cბ. გიორგაძე ; რ.ქვრივიშვილი;
264 _aთბილისი,
_c2003.
300 _a76 გვ . ;
_c20 სმ.
653 _aტექეკომუნიკაციების ქსელები
700 _aქვრივიშვილი, რ
_91124
942 _cBK
_2udc